<?xml version="1.0" encoding="UTF-8"?>
<record
    xmlns:xsi="http://www.w3.org/2001/XMLSchema-instance"
    xsi:schemaLocation="http://www.loc.gov/MARC21/slim http://www.loc.gov/standards/marcxml/schema/MARC21slim.xsd"
    xmlns="http://www.loc.gov/MARC21/slim">

  <leader>00761cam a22002411a 4500</leader>
  <controlfield tag="001">k  68000562 </controlfield>
  <controlfield tag="003">DLC</controlfield>
  <controlfield tag="005">20260227111525.0</controlfield>
  <controlfield tag="008">990730s1949    ko            00010 kor  </controlfield>
  <datafield tag="010" ind1=" " ind2=" ">
    <subfield code="a">k  68000562 </subfield>
  </datafield>
  <datafield tag="035" ind1=" " ind2=" ">
    <subfield code="a">(CStRLIN)DCLP99-B9681</subfield>
  </datafield>
  <datafield tag="040" ind1=" " ind2=" ">
    <subfield code="a">DLC</subfield>
    <subfield code="c">DLC-R</subfield>
  </datafield>
  <datafield tag="050" ind1="0" ind2="0">
    <subfield code="a">PL970</subfield>
    <subfield code="b">.Y3</subfield>
  </datafield>
  <datafield tag="066" ind1=" " ind2=" ">
    <subfield code="c">$1</subfield>
  </datafield>
  <datafield tag="100" ind1="1" ind2=" ">
    <subfield code="6">880-01</subfield>
    <subfield code="a">Yang, Chu-dong,</subfield>
    <subfield code="d">1903-</subfield>
  </datafield>
  <datafield tag="245" ind1="1" ind2="0">
    <subfield code="6">880-02</subfield>
    <subfield code="a">Kungmunhak ch&#x2BB;&#x14F;nghwa /</subfield>
    <subfield code="c">Yang Chu-dong ch&#x2BB;an.</subfield>
  </datafield>
  <datafield tag="260" ind1=" " ind2=" ">
    <subfield code="6">880-03</subfield>
    <subfield code="a">S&#x14F;ul :</subfield>
    <subfield code="b">Minjung S&#x14F;gwan,</subfield>
    <subfield code="c">1949.</subfield>
  </datafield>
  <datafield tag="300" ind1=" " ind2=" ">
    <subfield code="a">1 v. (various paging) ;</subfield>
    <subfield code="c">21 cm.</subfield>
  </datafield>
  <datafield tag="650" ind1=" " ind2="0">
    <subfield code="a">Korean literature.</subfield>
  </datafield>
  <datafield tag="880" ind1="1" ind2=" ">
    <subfield code="6">100-01/$1</subfield>
    <subfield code="a">&#x6881;&#x3000;&#x67F1;&#x6771;,</subfield>
    <subfield code="d">1903-</subfield>
  </datafield>
  <datafield tag="880" ind1="1" ind2="0">
    <subfield code="6">245-02/$1</subfield>
    <subfield code="a">&#x570B;&#x6587;&#x5B78;&#x3000;&#x83C1;&#x83EF;&#x3000;/</subfield>
    <subfield code="c">&#x6881;&#x3000;&#x67F1;&#x6771;&#x3000;&#x64B0;&#xFF0E;</subfield>
  </datafield>
  <datafield tag="880" ind1=" " ind2=" ">
    <subfield code="6">260-03/$1</subfield>
    <subfield code="a">&#xC11C;&#xC6B8;&#x3000;:</subfield>
    <subfield code="b">&#x6C11;&#x8846;&#x3000;&#x66F8;&#x9928;,</subfield>
    <subfield code="c">1949.</subfield>
  </datafield>
  <datafield tag="999" ind1=" " ind2=" ">
    <subfield code="c">35434</subfield>
    <subfield code="d">35434</subfield>
  </datafield>
</record>
